These Days - Foo Fighters Lyrics - Statistics

General Stats
  • This quiz has been taken 6 times
  • The average score is 198 of 303
Answer Stats
Answer % Correct
a
100%
And
100%
days
100%
of
100%
One
100%
stop
100%
the
100%
these
100%
will
100%
be
83%
never
83%
been
67%
broken
67%
final
67%
has
67%
heart
67%
its
67%
it's
67%
stolen
67%
to
67%
you
67%
your
67%
Your
67%
alright
50%
beat
50%
bombs
50%
But
50%
Easy
50%
for
50%
ground
50%
Not
50%
not
50%
play
50%
say
50%
time
50%
clocks
33%
close
33%
Don't
33%
drop
33%
everything
33%
eyes
33%
feet
33%
from
33%
I'll
33%
learn
33%
mean
33%
Out
33%
pride
33%
silence
33%
thing
33%
won't
33%
Yeah,
33%
yet,
33%
yet
33%
beneath
17%
bet
17%
bet,
17%
disappear
17%
fear
17%
forget
17%
hope
17%
pain
17%
Said
17%
Yes,
0%
No matching quizzes found
Score Distribution
Percent of People with Each Score
Percentile by Number Answered
Your Score History
You have not taken this quiz